| 000 | 00385nam a2200133Ia 4500 | ||
|---|---|---|---|
| 008 | 191014s9999 xx 000 0 und d | ||
| 020 | _a0-486-63228-8 | ||
| 082 |
_a530.12 _bABR |
||
| 100 |
_aA.A. Abrikosov, L.P. Gorkov, _920390 |
||
| 245 | 0 | _aMethods of Quantum Field Theory in Statistical Physics | |
| 260 |
_aUSA _bDover Publications INC. _c1963 |
||
| 300 | _aXv,352 | ||
| 942 | _cBK | ||
| 999 |
_c530970 _d530970 |
||